000 00604cam a2200169 i 4500
005 20260204123853.0
008 250721s1999 ua gr 000 0 ara d
082 1 4 _a398.2
_bس ع د
100 1 _aسعد، إبراهيم
_eمؤلف.
245 1 0 _aمقدمة إلى دراسة الأساطير /
_cتأليف الدكتور إبراهيم سعد.
264 3 1 _aالقاهره :
_bدار الحضارة ؛
_bدار الثقافة،
_c1999.
300 _a151 صفحة.
650 1 7 _aالأدب الشعبي.
650 1 7 _aعلم الأساطير.
942 _2ddc
_cBK
999 _c10011
_d10011